| 000 | 00637nam a2200205Ia 4500 | ||
|---|---|---|---|
| 001 | 13892 | ||
| 003 | GE_BSU | ||
| 008 | 181216s||||||||xx |||||||||||||| ||und|| | ||
| 040 | _cGE_BSU | ||
| 080 | _a665.1/.3(035.5) | ||
| 100 | _aПапок,К.К. Рагозин,Н.А. | ||
| 245 | _aТехнический словарь по топливу и маслам. | ||
| 245 | _cРед. Н.Г.Пучков. | ||
| 260 | _aМ. | ||
| 260 | _bГостоптехиздат. | ||
| 260 | _c1951. | ||
| 300 | _a202 стр. с илл. 22 см. | ||
| 653 | _aТехнический словарь по топливу и маслам. | ||
| 942 | _cBK | ||
| 999 |
_c47036 _d47036 |
||